Statistics for Longest Droughts in the Champions League

Click here to take the quiz!

General Stats

  • This quiz has been taken 11 times
  • The average score is 7 of 22

Answer Stats

Years without another winAnswer% Correct
60Benfica
78%
27Ajax
44%
40Aston Villa
44%
55Celtic
44%
39Hamburg
44%
29Marseille
44%
42Nottingham Forrest
44%
25Bayern Munich
33%
9Chelsea
33%
32Real Madrid
33%
31Red Star Belgrade
33%
25Borussia Dortmund
22%
52Feyenoord
22%
27Juventus
22%
21Liverpool
22%
31Manchester United
22%
18Porto
22%
34PSV Eindhoven
22%
36Steaua Bucharest
22%
20AC Milan
11%
14Barcelona
11%
45Internazionalle
11%

Score Distribution

Percentile by Number Answered

Percent of People with Each Score

Your Score History

You have not taken this quiz